000 00613nam a2200241Ia 4500
003 OSt
005 20221007100235.0
006 a|||||r|||| 00| 0
007 ta
008 221006b |||||||| |||| 00| 0 eng d
024 _a4,065
037 _cTextual
040 _aLCO
_cLCO
_beng
041 _2eng
_aeng
082 _aZ1, L8
100 _aChavan R.S.
245 0 _aApproach to International Law
260 _aNew
_bDelhi Sterling Publishing Pvt. Ltd. India
_c1978
300 _a309
650 _aINTERNATIONAL LAW
942 _hZ1, L8
_cTEXL
999 _c1173628
_d1173628